| 000 | 00360nam a2200133Ia 4500 | ||
|---|---|---|---|
| 008 | 231017s9999 xx 000 0 und d | ||
| 082 | _a625.73 | ||
| 082 | _bJAN | ||
| 245 | 4 | _aThe effect of aggregate angularity on base course performance | |
| 245 | 0 | _cUS Army corps of engineers | |
| 260 | _bUS Army corps of engineers | ||
| 300 | _c30cm | ||
| 942 | _cREP | ||
| 999 |
_c605970 _d605970 |
||